Le théatre indien / (Record no. 157664)
[ view plain ]
| 000 -LEADER | |
|---|---|
| campo de control de longitud fija | 00718nam a22002055i 4500 |
| 001 - NÚMERO DE CONTROL | |
| campo de control | 157664 |
| 003 - IDENTIFICADOR DE NÚMERO DE CONTROL | |
| campo de control | ES-MaACL |
| 005 - FECHA Y HORA DE LA ÚLTIMA TRANSACCIÓN | |
| campo de control | 20251222063017.0 |
| 008 - DATOS DE LONGITUD FIJA--INFORMACIÓN GENERAL | |
| campo de control de longitud fija | 040906s1890 fr |||| | fre d |
| 040 ## - FUENTE DE CATALOGACIÓN | |
| Centro catalogador/agencia de origen | CAM |
| Lengua de catalogación | spa |
| Centro/agencia transcriptor | CAM |
| 100 1# - ENTRADA PRINCIPAL--NOMBRE DE PERSONA | |
| Nombre de persona | Lévi, Sylvain, |
| Fechas asociadas al nombre | 1863-1935 |
| 9 (RLIN) | 154583 |
| 245 13 - MENCIÓN DEL TÍTULO | |
| Título | Le théatre indien / |
| Mención de responsabilidad, etc. | par Sylvain Lévi. |
| 260 ## - PUBLICACIÓN, DISTRIBUCIÓN, ETC. | |
| Lugar de publicación, distribución, etc. | Paris : |
| Nombre del editor, distribuidor, etc. | Émile Bouillon, |
| Fecha de publicación, distribución, etc. | 1890 ( |
| Lugar de fabricación/manufactura | Chartres : |
| Fabricante | Imprimerie Durand) |
| 300 ## - DESCRIPCIÓN FÍSICA | |
| Extensión | XV, 429, 121 p. ; |
| Dimensiones | 25 cm. |
| 490 1# - MENCIÓN DE SERIE | |
| Mención de serie | Bibliothèque de l'Ecole des Hautes Études ; |
| Designación de volumen o secuencia | 83 |
| 650 #7 - PUNTO DE ACCESO ADICIONAL DE MATERIA--TÉRMINO DE MATERIA | |
| Término de materia o nombre geográfico como elemento de entrada | Teatro- |
| Subdivisión geográfica | India |
| Fuente del encabezamiento o término | |
| 9 (RLIN) | 136911 |
| 830 00 - PUNTO DE ACCESO ADICIONAL DE SERIE-TÍTULO UNIFORME | |
| Título uniforme | Bibliothèque de l'École des Hautes Études |
| Designación de volumen o secuencia | 83 |
| 9 (RLIN) | 187926 |
| 852 ## - LOCALIZACIÓN | |
| Ubicación | ES-MaACL |
| Número de control de estantería | C-7605 |
| Nota libre | -- Enc. hol. |
| Estatus retirado | Estado de pérdida | Estado de daño | No para préstamo | Colección | Biblioteca de origen | Biblioteca actual | Ubicación en estantería | Fecha de adquisición | Fuente de adquisición | Total de préstamos | Signatura topográfica completa | Código de barras | Visto por última vez | Precio de reemplazo | Tipo de ítem Koha |
|---|---|---|---|---|---|---|---|---|---|---|---|---|---|---|---|
| Libros del s. XIX | Biblioteca del Ateneo de Madrid | Biblioteca del Ateneo de Madrid | Sala Palomar | 17/01/2008 | C-7605 | 1164991 | 23/02/2023 | 23/02/2023 | Libro impreso antiguo |
